La tertulia política del Ateneo de Madrid de Agustín García Calvo (Record no. 194003)

MARC details
000 -LEADER
campo de control de longitud fija 01749nmb a2200265 i 4500
001 - NÚMERO DE CONTROL
campo de control 194003
003 - IDENTIFICADOR DE NÚMERO DE CONTROL
campo de control ES-MaACL
005 - FECHA Y HORA DE LA ÚLTIMA TRANSACCIÓN
campo de control 20250704062602.0
008 - DATOS DE LONGITUD FIJA--INFORMACIÓN GENERAL
campo de control de longitud fija 240315e2017 sp ||||| |||| 00| 0 spa d
040 ## - FUENTE DE CATALOGACIÓN
Lengua de catalogación spa
Centro/agencia transcriptor ES-MaACL
100 1# - ENTRADA PRINCIPAL--NOMBRE DE PERSONA
9 (RLIN) 166118
Nombre de persona Ruiz Fernández, José,
Fechas asociadas al nombre 1946-
Término indicativo de función/relación Autor
245 13 - MENCIÓN DEL TÍTULO
Título La tertulia política del Ateneo de Madrid de Agustín García Calvo
Medio [Recurso electrónico] /
Mención de responsabilidad, etc. Jesús Ruiz Fernández
260 ## - PUBLICACIÓN, DISTRIBUCIÓN, ETC.
Lugar de publicación, distribución, etc. [Madrid] :
Nombre del editor, distribuidor, etc. Res Publica,
Fecha de publicación, distribución, etc. 2017
300 ## - DESCRIPCIÓN FÍSICA
Extensión P. 325-339
336 ## - TIPO DE CONTENIDO
Fuente rdacontent
Término de tipo de contenido texto
337 ## - TIPO DE MEDIO
Fuente rdamedia
Nombre/término del tipo de medio sin mediación
338 ## - TIPO DE SOPORTE
Fuente rdacarrier
Nombre/término del tipo de soporte volumen
500 ## - NOTA GENERAL
Nota general Artículo de Jesús Ruiz Fernández sobre la tertulia política de Agustín García Calvo en el Ateneo de Madrid, publicado en "Res publica: revista de historia de las ideas políticas", 2017, n. 2, p. 325-339, ISSN-e 1989-6115
520 ## - RESUMEN, ETC.
Sumario, etc. Para Agustín García Calvo la tertulia política del Ateneo de Madrid era un caso insólito en el mundo. De igual forma podría decirse que es insólito que un autor de su talla intelectual y vastísima obra no disponga prácticamente de ningún estudio académico. Aparte de ser la mejor manera de acercarse a su pensamiento, la tertulia fue el núcleo de su vida y obra. Esa alternativa que tantas veces se le pedía, y que él prefirió ofrecer, en lugar de con palabras, con hechos, en acto. El artículo también se refiere a la relación de la tertulia del Ateneo con la Asamblea Libre de la Puerta del Sol del 15M y las asambleas de 1965
600 14 - PUNTO DE ACCESO ADICIONAL DE MATERIA--NOMBRE DE PERSONA
Nombre de persona García Calvo, Agustín,
Fechas asociadas al nombre 1926-2012
9 (RLIN) 233841
610 24 - PUNTO DE ACCESO ADICIONAL DE MATERIA--NOMBRE DE ENTIDAD CORPORATIVA
Nombre de entidad corporativa o nombre de jurisdicción como elemento de entrada Ateneo de Madrid-
Subdivisión de forma Historia
9 (RLIN) 1925
856 ## - LOCALIZACIÓN Y ACCESO ELECTRÓNICOS
Identificador Uniforme de Recursos <a href="https://doi.org/10.5209/RPUB.56473">https://doi.org/10.5209/RPUB.56473</a>
Texto de enlace Versión en línea
Nota pública (Res publica)
942 ## - ELEMENTOS DE ENTRADA SECUNDARIOS (KOHA)
Fuente del sistema de clasificación o colocación Clasificación decimal universal
Suprimir en OPAC No
Tipo de ítem Koha Artículo de revista

No items available.